Holiday Quiz

Random Holiday or Christmas Quiz

'Rudolph, the Red-Nosed Reindeer' Lyrics Quiz Stats

 Plays Quiz Updated Aug 5, 2015

Score 0/111 Timer 05:00
2 Plays Today
% Correct
the
97.9%
the
97.9%
the
97.9%
the
97.9%
the
97.9%
Rudolph,
97.2%
Rudolph
97.2%
‘Rudolph
96.8%
a
96.7%
‘Rudolph
96.6%
reindeer
96.2%
reindeer
96.2%
reindeer
96.2%
reindeer
96.2%
reindeer
96.2%
reindeer,
96.2%
nose,
95.1%
nose
95.1%
You
94.8%
you
94.8%
you
94.8%
you
94.8%
you
94.8%
and
94%
and
94%
and
94%
and
94%
and
94%
and
94%
and
94%
and
94%
had
93%
shiny
92.6%
very
92.5%
all?
91.8%
All
91.8%
to
91.6%
% Correct
to
91.6%
eve
91.6%
red-nosed
91.4%
red-nosed
91.4%
say
91%
say:
91%
Santa
90.2%
it
90.2%
it
90.2%
of
90.1%
of
90.1%
him
90.1%
him
90.1%
other
89.6%
if
89.4%
do
88.8%
saw
88.8%
would
88.6%
Christmas
88.4%
with
87.9%
with
87.9%
bright,
87.7%
so
87.7%
in
87.4%
in
87.4%
sleigh
87.4%
one
87.3%
your
87.1%
Then
87.1%
Then
87.1%
my
87%
ever
87%
came
86.8%
call
86.5%
tonight?’
86.5%
names.
86.2%
laugh
86%
% Correct
glows.
86%
won't
85.4%
even
85.2%
used
84.8%
games.
84.5%
foggy
84.3%
guide
83.8%
They
83.8%
they
83.8%
poor
82.9%
let
82.6%
go
81.5%
any
80.9%
know
80.4%
history!’
80.3%
down
80%
Dancer,
80%
Prancer,
79.2%
join
79.1%
never
78.8%
Blitzen
77.9%
you'll
77.8%
Dasher,
77.5%
But
77%
Donner
76.8%
Comet,
76.5%
Cupid,
76.4%
Vixen,
76.4%
glee,
76%
most
75.7%
loved
75.1%
famous
73.8%
shouted
73.3%
out
73.2%
recall
67.9%
as
57%
how
53.2%

You're not logged in!

Compare scores with friends on all Sporcle quizzes.
OR
Log In

Sporcle TV

Today on Sporcle TV


Watch our educational content, quiz creation guides, and fun videos on Sporcle TV.

Show Comments

Extras

Top Quizzes Today


Score Distribution

Your Account Isn't Verified!

In order to create a playlist on Sporcle, you need to verify the email address you used during registration. Go to your Sporcle Settings to finish the process.

Report this User

Report this user for behavior that violates our Community Guidelines.

Details: